000 00518nam a2200217Ia 4500
003 OSt
005 20220928151436.0
006 a|||||r|||| 00| 0
007 ta
008 220927b |||||||| |||| 00| 0 eng d
024 _a125794
037 _cTextual
040 _aSDCL
_cSDCL
_beng
041 _2eng
_aeng
082 _aB27, K7
100 _aNeumann Hanna
_9517466
245 0 _aVarieties of groups .
260 _c1967
942 _hB27, K7
_cTEXL
_2CC
999 _c851618
_d851618